Normal view
MARC view
Entry Geographic Name
001 - CONTROL NUMBER
- control field: 48347
003 - CONTROL NUMBER IDENTIFIER
- control field: ARRUPE
005 - DATE AND TIME OF LATEST TRANSACTION
- control field: 20191016100931.0
008 - FIXED-LENGTH DATA ELEMENTS
- fixed length control field: 191016|| aca||aabn | a|a d
040 ## - CATALOGING SOURCE
- Original cataloging agency: ARRUPE
- Transcribing agency: ARRUPE
151 ## - HEADING--GEOGRAPHIC NAME
- Geographic name: Cotonou Agreement (2000)
670 ## - SOURCE DATA FOUND
- Source citation: Work cat.: (ARRUPE)0: ACP-EU Partnership Agreement in Cotonou, 23 June 2000., 2007.